000 00905nam a22002417a 4500
999 _c7601
_d7601
003 AR-CdUCM
008 190320b ||||| |||| 00| 0 spa d
040 _aMUNICIPALIDAD PROVINCIAL DEL CUSCO
_cBIBLIOTECA MUNICIPAL DEL CUSCO
041 _heng
082 _a576.5 /
_bB16
100 _aBain
_921452
245 _aBiología de los microorganismos :
_bfundamentos de agricultura moderna - 4 /
260 _aBarcelona :
_bAEDOS,
_c1971.
300 _a184 páginas ;
_bIlustraciones,
_c20 cm.
440 _aBiblioteca Agrícola Aedos
_921453
500 _aTitulo original: Fundamentals of moder agriculture.
505 _aObjeto y desarrollo de la microbiologia -- Microorganismos, sus clases y características -- Ecología de los microorganismos ...
650 _aMicrobiología
_920666
650 _aOrganismos unicelulares
_921454
700 _aGrahan
_921455
942 _2ddc
_cLIBROS
945 _aacv